|
|
|
|
| LEADER |
03051nam a2200721 i 4500 |
| 001 |
nkc20203265250 |
| 003 |
CZ PrNK |
| 005 |
20210611125909.0 |
| 007 |
ta |
| 008 |
201120s2020 xr abc f 000 0 eng |
| 015 |
|
|
|a cnb003265250
|
| 020 |
|
|
|a 978-80-7524-037-8
|q (vázáno)
|
| 035 |
|
|
|a (OCoLC)1260123433
|
| 040 |
|
|
|a OLA001
|b cze
|d ABA001
|e rda
|
| 041 |
1 |
|
|a eng
|h cze
|
| 043 |
|
|
|a e-xr---
|
| 072 |
|
7 |
|a 902
|x Archeologie
|2 Konspekt
|9 8
|
| 080 |
|
|
|a 902.2
|2 MRF
|
| 080 |
|
|
|a 903.2
|2 MRF
|
| 080 |
|
|
|a 903.21-032.5
|2 MRF
|
| 080 |
|
|
|a 552.55
|2 MRF
|
| 080 |
|
|
|a 903"636"
|2 MRF
|
| 080 |
|
|
|a (437.3)
|2 MRF
|
| 080 |
|
|
|a (048.8)
|2 MRF
|
| 100 |
1 |
|
|a Šebela, Lubomír,
|d 1953-
|7 mzk2007385929
|4 aut
|
| 245 |
1 |
0 |
|a Silicite axes in Moravia, Czech Silesia and Bohemia /
|c Lubomír Šebela & Antonín Přichystal ; English translation: Tereza Pohořelická Bartošková, Jerzy Kopacz
|
| 250 |
|
|
|a First edition
|
| 264 |
|
1 |
|a Brno :
|b Czech Academy of Sciences, Institute of Archaeology, Brno,
|c 2020
|
| 300 |
|
|
|a 306 stran :
|b ilustrace (převážně barevné), mapy, portréty ;
|c 31 cm +
|e 5 map (26 x 36 cm složeno na 26 x 18 cm)
|
| 336 |
|
|
|a text
|b txt
|2 rdacontent
|
| 337 |
|
|
|a bez média
|b n
|2 rdamedia
|
| 338 |
|
|
|a svazek
|b nc
|2 rdacarrier
|
| 490 |
1 |
|
|a Spisy Archeologického ústavu AV ČR Brno,
|x 1804-1345 ;
|v 65
|
| 500 |
|
|
|a Přeloženo z češtiny
|
| 500 |
|
|
|a Mapy uloženy v kapse na přídeští zadní obálky
|
| 504 |
|
|
|a Obsahuje bibliografii a bibliografické odkazy
|
| 650 |
0 |
7 |
|a archeologické výzkumy
|7 ph118577
|z Česko
|2 czenas
|
| 650 |
0 |
7 |
|a archeologické nálezy
|7 ph137683
|z Česko
|2 czenas
|
| 650 |
0 |
7 |
|a industrie (archeologie)
|7 ph705711
|z Česko
|2 czenas
|
| 650 |
0 |
7 |
|a kamenné nástroje
|7 ph139244
|z Česko
|2 czenas
|
| 650 |
0 |
7 |
|a křemité horniny
|7 ph318965
|z Česko
|2 czenas
|
| 650 |
0 |
7 |
|a eneolit
|7 ph250074
|z Česko
|2 czenas
|
| 650 |
0 |
9 |
|a excavations (archaeology)
|z Czechia
|2 eczenas
|
| 650 |
0 |
9 |
|a antiquities
|z Czechia
|2 eczenas
|
| 650 |
0 |
9 |
|a archeological industries
|z Czechia
|2 eczenas
|
| 650 |
0 |
9 |
|a stone implements
|z Czechia
|2 eczenas
|
| 650 |
0 |
9 |
|a siliceous rocks
|z Czechia
|2 eczenas
|
| 650 |
0 |
9 |
|a eneolithic period
|z Czechia
|2 eczenas
|
| 653 |
0 |
|
|a silicitové sekery
|a silicitová dláta
|
| 655 |
|
7 |
|a monografie
|7 fd132842
|2 czenas
|
| 655 |
|
9 |
|a monographs
|2 eczenas
|
| 700 |
1 |
|
|a Přichystal, Antonín,
|d 1950-
|7 jk01101571
|4 aut
|
| 700 |
1 |
|
|a Pohořelická Bartošková, Tereza,
|d 1977-
|7 xx0221001
|4 trl
|
| 700 |
1 |
|
|a Kopacz, Jerzy
|7 mzk2007385934
|4 trl
|
| 810 |
2 |
|
|a Archeologický ústav (Akademie věd ČR : Brno, Česko).
|t Spisy
|0 s
|
| 910 |
2 |
|
|a BOA001
|b 4-1462.388
|
| 928 |
9 |
|
|a Archeologický ústav Akademie věd České republiky Brno
|
| 928 |
9 |
|
|a Akademie věd České republiky, Archeologický ústav
|
| 990 |
|
|
|a BK
|
| 995 |
|
|
|a 01
|
| 991 |
|
|
|b 202105
|c NOV
|
| 996 |
6 |
|
|b 2610859514
|c 4-1462.388
|l MZK
|r Sklad / do 1 hodiny
|n 0
|p p.v.
|w 001846557
|u 000010
|a 1
|e BOA001
|j MZK50
|s P
|
| 996 |
7 |
|
|b 2610859515
|c 4-1462.388
|l MZK
|r Sklad / do 1 hodiny
|n 0
|p p.v.
|w 001846557
|u 000020
|a 1
|e BOA001
|j MZK50
|s A
|